000 00607nam a2200181 i 4500
001 32748
003 ES-MaACL
007 t|
008 030131s1918 py ||||1| spa d
100 1 _aBertoni, Moisés S.
_928487
245 1 0 _aCondiciones generales de la vida orgánica y división territorial /
_cMoisés S. Bertoni (Helvetius).
260 _aPuerto Bertoni :
_bEx Sylvis,
_c1918.
300 _a174 p. ;
_c23 cm.
490 1 _aDescripción física y económica del Paraguay
830 0 _aDescripción física y económica del Paraguay
_9181451
852 _aES-MaACL
_jG-4939
999 _c32748
_d32748